<?xml version="1.0" encoding="UTF-8"?>
<record
    xmlns:xsi="http://www.w3.org/2001/XMLSchema-instance"
    xsi:schemaLocation="http://www.loc.gov/MARC21/slim http://www.loc.gov/standards/marcxml/schema/MARC21slim.xsd"
    xmlns="http://www.loc.gov/MARC21/slim">

  <leader>02056cam a2200349 i 4500</leader>
  <controlfield tag="003">SA-RiAUC</controlfield>
  <controlfield tag="005">20250418150340.0</controlfield>
  <controlfield tag="008">250410s2011    mr a   g b    000 0cara c</controlfield>
  <datafield tag="020" ind1=" " ind2=" ">
    <subfield code="a">9954424377 </subfield>
  </datafield>
  <datafield tag="024" ind1="0" ind2=" ">
    <subfield code="a">00000000623385</subfield>
  </datafield>
  <datafield tag="040" ind1=" " ind2=" ">
    <subfield code="a">MA-HhKAF</subfield>
    <subfield code="b">ara</subfield>
    <subfield code="c">SA-RiAUC.</subfield>
    <subfield code="d">AE-DuMBRL</subfield>
    <subfield code="e">rda</subfield>
  </datafield>
  <datafield tag="043" ind1=" " ind2=" ">
    <subfield code="a">f-mr---</subfield>
  </datafield>
  <datafield tag="045" ind1="2" ind2=" ">
    <subfield code="b">d1640</subfield>
    <subfield code="b">d1906</subfield>
  </datafield>
  <datafield tag="050" ind1=" " ind2="4">
    <subfield code="b">B35 2011</subfield>
  </datafield>
  <datafield tag="072" ind1=" " ind2="7">
    <subfield code="a">OM</subfield>
  </datafield>
  <datafield tag="082" ind1="0" ind2="4">
    <subfield code="a">920.064</subfield>
    <subfield code="q">SA-RiAUC</subfield>
  </datafield>
  <datafield tag="090" ind1=" " ind2=" ">
    <subfield code="a">920.064  </subfield>
    <subfield code="b">  &#x628; &#x62C; &#x64A;</subfield>
  </datafield>
  <datafield tag="100" ind1="1" ind2=" ">
    <subfield code="a">&#x628;&#x62C;&#x64A;&#x628;&#x62C;&#x648;&#x60C; &#x627;&#x644;&#x647;&#x627;&#x62F;&#x64A;&#x60C;</subfield>
    <subfield code="d">1942-</subfield>
    <subfield code="e">&#x645;&#x624;&#x644;&#x641;.</subfield>
  </datafield>
  <datafield tag="245" ind1="1" ind2="0">
    <subfield code="a">&#x634;&#x631;&#x641;&#x627;&#x621; &#x648;&#x632;&#x627;&#x646; /</subfield>
    <subfield code="c">&#x627;&#x644;&#x647;&#x627;&#x62F;&#x64A; &#x628;&#x62C;&#x64A;&#x628;&#x62C;&#x648;.</subfield>
  </datafield>
  <datafield tag="250" ind1=" " ind2=" ">
    <subfield code="a">&#x627;&#x644;&#x637;&#x628;&#x639;&#x629; &#x627;&#x644;&#x623;&#x648;&#x644;&#x649;.</subfield>
  </datafield>
  <datafield tag="264" ind1=" " ind2="1">
    <subfield code="a">&#x633;&#x644;&#x627;&#x60C; &#x627;&#x644;&#x645;&#x63A;&#x631;&#x628; :</subfield>
    <subfield code="b">&#x641;&#x636;&#x627;&#x621; &#x627;&#x644;&#x637;&#x628;&#x627;&#x639;&#x629;&#x60C;</subfield>
    <subfield code="c">2011.</subfield>
  </datafield>
  <datafield tag="300" ind1=" " ind2=" ">
    <subfield code="a">138 &#x635;&#x641;&#x62D;&#x629; :</subfield>
    <subfield code="b">&#x625;&#x64A;&#x636;&#x627;&#x62D;&#x64A;&#x627;&#x62A; &#x61B;</subfield>
    <subfield code="c">21 &#xD7; 16 &#x633;&#x645;</subfield>
  </datafield>
  <datafield tag="336" ind1=" " ind2=" ">
    <subfield code="a">&#x646;&#x635;</subfield>
    <subfield code="b">txt</subfield>
    <subfield code="2">rdacontent</subfield>
    <subfield code="3">&#x643;&#x62A;&#x627;&#x628;</subfield>
  </datafield>
  <datafield tag="337" ind1=" " ind2=" ">
    <subfield code="a">&#x628;&#x62F;&#x648;&#x646; &#x648;&#x633;&#x64A;&#x637;</subfield>
    <subfield code="b">n</subfield>
    <subfield code="2">rdamedia</subfield>
  </datafield>
  <datafield tag="338" ind1=" " ind2=" ">
    <subfield code="a">&#x645;&#x62C;&#x644;&#x62F;</subfield>
    <subfield code="b">nc</subfield>
    <subfield code="2">rdacarrier</subfield>
  </datafield>
  <datafield tag="504" ind1=" " ind2=" ">
    <subfield code="a">&#x628;&#x628;&#x644;&#x64A;&#x648;&#x62C;&#x631;&#x627;&#x641;&#x64A;&#x629; : &#x635;&#x641;&#x62D;&#x629; 116-118.</subfield>
  </datafield>
  <datafield tag="520" ind1=" " ind2=" ">
    <subfield code="a">&#x64A;&#x62A;&#x646;&#x627;&#x648;&#x644; &#x643;&#x62A;&#x627;&#x628; (&#x634;&#x631;&#x641;&#x627;&#x621; &#x648;&#x632;&#x627;&#x646;) &#x648;&#x627;&#x644;&#x630;&#x64A; &#x642;&#x627;&#x645; &#x628;&#x62A;&#x623;&#x644;&#x64A;&#x641;&#x647; (&#x627;&#x644;&#x647;&#x627;&#x62F;&#x64A; &#x628;&#x62C;&#x64A;&#x628;&#x62C;&#x648;) &#x641;&#x64A; &#x62D;&#x648;&#x627;&#x644;&#x64A; (138 &#x635;&#x641;&#x62D;&#x629;) &#x645;&#x646; &#x627;&#x644;&#x642;&#x637;&#x639; &#x627;&#x644;&#x645;&#x62A;&#x648;&#x633;&#x637; &#x627;&#x644;&#x645;&#x62D;&#x62A;&#x648;&#x64A;&#x627;&#x62A; &#x627;&#x644;&#x62A;&#x627;&#x644;&#x64A;&#x629; : 1&#x645;&#x642;&#x62F;&#x645;&#x629;&#x60C; 2-&#x627;&#x644;&#x625;&#x637;&#x627;&#x631; &#x627;&#x644;&#x62C;&#x63A;&#x631;&#x627;&#x641;&#x64A; &#x648;&#x627;&#x644;&#x627;&#x642;&#x62A;&#x635;&#x627;&#x62F;&#x64A; &#x644;&#x645;&#x62F;&#x64A;&#x646;&#x629; &#x648;&#x632;&#x627;&#x646;&#x60C; 3-&#x645;&#x634;&#x64A;&#x62E;&#x629; &#x645;&#x648;&#x644;&#x627;&#x64A; &#x639;&#x628;&#x62F; &#x627;&#x644;&#x644;&#x647; &#x627;&#x644;&#x634;&#x631;&#x64A;&#x641; &#x645;&#x624;&#x633;&#x633; &#x627;&#x644;&#x632;&#x627;&#x648;&#x64A;&#x629;&#x60C; 5-&#x645;&#x634;&#x64A;&#x62E;&#x629; &#x645;&#x648;&#x644;&#x627;&#x64A; &#x645;&#x62D;&#x645;&#x62F; (1679-1709 &#x645;)&#x60C; 6-&#x645;&#x634;&#x64A;&#x62E;&#x629; &#x645;&#x648;&#x644;&#x627;&#x64A; &#x627;&#x644;&#x62A;&#x647;&#x627;&#x645;&#x64A; (1709-1718 &#x645;)&#x60C; 7-&#x645;&#x634;&#x64A;&#x62E;&#x629; &#x645;&#x648;&#x644;&#x627;&#x64A; &#x627;&#x644;&#x637;&#x64A;&#x628; (1718-1768 &#x645;)&#x60C; 8-&#x645;&#x634;&#x64A;&#x62E;&#x629; &#x645;&#x648;&#x644;&#x627;&#x64A; &#x623;&#x62D;&#x645;&#x62F; (1768-1781 &#x645;)&#x60C; 9-&#x645;&#x634;&#x64A;&#x62E;&#x629; &#x645;&#x648;&#x644;&#x627;&#x64A; &#x639;&#x644;&#x64A; (1781-1811 &#x645;)&#x60C; 10-&#x645;&#x634;&#x64A;&#x62E;&#x629; &#x633;&#x64A;&#x62F;&#x64A; &#x627;&#x644;&#x62D;&#x627;&#x62C; &#x627;&#x644;&#x639;&#x631;&#x628;&#x64A; (1811-1850 &#x645;)&#x60C; 11-&#x645;&#x634;&#x64A;&#x62E;&#x629; &#x633;&#x64A;&#x62F;&#x64A; &#x627;&#x644;&#x62D;&#x627;&#x62C; &#x639;&#x628;&#x62F; &#x627;&#x644;&#x633;&#x644;&#x627;&#x645; (1850-1892 &#x645;)&#x60C; 12-&#x623;&#x628;&#x646;&#x627;&#x621; &#x648;&#x62D;&#x641;&#x62F;&#x629; &#x633;&#x64A;&#x62F;&#x64A; &#x627;&#x644;&#x62D;&#x627;&#x62C; &#x639;&#x628;&#x62F; &#x627;&#x644;&#x633;&#x644;&#x627;&#x645;&#x60C; 13-&#x62E;&#x627;&#x62A;&#x645;&#x629;&#x60C; &#x645;&#x631;&#x627;&#x62C;&#x639; &#x627;&#x644;&#x643;&#x62A;&#x627;&#x628;&#x60C; &#x645;&#x644;&#x62D;&#x642;&#x627;&#x62A;.</subfield>
  </datafield>
  <datafield tag="651" ind1=" " ind2="7">
    <subfield code="a">&#x648;&#x632;&#x627;&#x646; (&#x627;&#x644;&#x645;&#x63A;&#x631;&#x628;)</subfield>
    <subfield code="v">&#x62A;&#x631;&#x627;&#x62C;&#x645;</subfield>
    <subfield code="2">aucsh</subfield>
  </datafield>
  <datafield tag="651" ind1=" " ind2="7">
    <subfield code="a">&#x627;&#x644;&#x645;&#x63A;&#x631;&#x628;</subfield>
    <subfield code="x">&#x62A;&#x627;&#x631;&#x64A;&#x62E;</subfield>
    <subfield code="2">aucsh</subfield>
  </datafield>
  <datafield tag="942" ind1=" " ind2=" ">
    <subfield code="2">ddc</subfield>
    <subfield code="c">BOOK</subfield>
    <subfield code="n">0</subfield>
  </datafield>
  <datafield tag="949" ind1=" " ind2=" ">
    <subfield code="a">SA-JeALM</subfield>
    <subfield code="d">250410</subfield>
    <subfield code="u">mohamedma123</subfield>
    <subfield code="n">1</subfield>
  </datafield>
  <datafield tag="952" ind1=" " ind2=" ">
    <subfield code="0">0</subfield>
    <subfield code="1">0</subfield>
    <subfield code="2">ddc</subfield>
    <subfield code="4">0</subfield>
    <subfield code="7">0</subfield>
    <subfield code="a">WAHAB</subfield>
    <subfield code="b">WAHAB</subfield>
    <subfield code="d">2025-04-18</subfield>
    <subfield code="l">0</subfield>
    <subfield code="o">920.064  &#x628; &#x62C; &#x64A;</subfield>
    <subfield code="p">000011798</subfield>
    <subfield code="r">2025-04-18 15:04:03</subfield>
    <subfield code="w">2025-04-18</subfield>
    <subfield code="y">BOOK</subfield>
  </datafield>
  <datafield tag="999" ind1=" " ind2=" ">
    <subfield code="c">7186</subfield>
    <subfield code="d">7186</subfield>
  </datafield>
</record>
